| 000 | 01144nam a2200325 c 4500 | ||
|---|---|---|---|
| 003 | BLK | ||
| 005 | 20180420220254.0 | ||
| 008 | 180407b bul|||||r ||||||| ||bul|| | ||
| 010 | _aKNG00031655000 | ||
| 020 |
_a954-649-074-1 _bиздат.: Сиела Софт енд Паблишинг |
||
| 040 | _aBLK | ||
| 041 |
_aBUL _cBUL |
||
| 080 |
_aТърговско право _b347.7 _x _z347.7 |
||
| 100 | 1 |
_aЗлатарев, Емил _eпърви автор _9267444 |
|
| 700 | 1 |
_aХристофоров, Веселин _eсъавт. _9259126 |
|
| 139 |
_aЗлатарев, Емил и др. _bЗ 69 |
||
| 245 | 1 | 0 |
_aТърговско право _cЕмил Златарев; съавт. Веселин Христофоров. |
| 250 | _a3. изд. | ||
| 257 | _aBGR | ||
| 260 |
_аСофия _bСиела Софт енд Паблишинг _c1997 |
||
| 300 |
_a341 с. _c22 см |
||
| 380 | _a3 | ||
| 500 | _aДеп. списък: покупка СПЕЦ. ФОНД - Ч | ||
| 653 | _aправо | ||
| 852 | _aЦб 193258 | ||
| 856 | 4 |
_qpdf _u |
|
| 856 | 4 |
_qpdf _u |
|
| 942 |
_cKNG _n0 |
||
| 944 |
_aCR _c15.01.2003 _kКети_Илиева |
||
| 944 |
_aED _c15.08.2006 _k |
||
| 999 |
_c29046 _d29046 |
||